00568nam a2200169Ia 4500008004100000020001800041041000800059082001600067100003700083245004900120250000600169260004400175300000800219650002200227999001900249952013000268210716s2014 xx 000 0 und d a9789325978423 aeng a158.39 CAMK aCampbell, Kim;Wahl, Kay Herting. aIf you cant manage them you cant teach them. a1 aNew DelhibVikas Publishing Housec2014 a280 aGeneral Knowledge c194073d194073 001040708MCAaAIMITbAIMITeKnowledge Worldg280.00l0o158.39 CAMKpMCA13581r2026-05-23 00:00:00v210.00w2021-07-16yBK